Učitel z Osvětimi - Fredy Hirsch
Saved in:
| Main Author | |
|---|---|
| Format | Electronic eBook |
| Language | Czech |
| Published |
Brána
2025
|
| Edition | 1. elektronické vydání |
| Subjects | |
| Online Access | Dostupné v BOOKPORT po přihlášení pomocí eduID |
| ISBN | 978-80-284-0862-6 978-80-284-0615-8 |
| Physical Description | 1 online zdroj (408 stran) |
| LEADER | 00000nam a2200000 i 4500 | ||
|---|---|---|---|
| 001 | bkp598684903 | ||
| 003 | CZ-prgp | ||
| 005 | 20260505114509.0 | ||
| 006 | m o d | ||
| 007 | cr cn | ||
| 008 | 260505s2025 xr o 000 1 cze | ||
| 020 | |a 978-80-284-0862-6 |c 399 Kč |q (online ; epub) | ||
| 020 | |a 978-80-284-0615-8 |c 399 Kč |q (print) | ||
| 040 | |a Grada |b cze |e rda | ||
| 100 | 1 | |a Wendy, Holdenová | |
| 245 | 1 | 0 | |a Učitel z Osvětimi - Fredy Hirsch |c Holdenová Wendy |
| 250 | |a 1. elektronické vydání | ||
| 264 | 1 | |b Brána |c 2025 | |
| 300 | |a 1 online zdroj (408 stran) | ||
| 336 | |a text |b txt |2 rdacontent | ||
| 337 | |a počítač |b c |2 rdamedia | ||
| 338 | |a online zdroj |b cr |2 rdacarrier | ||
| 520 | 3 | |a Fredy (Alfred) Hirsch (1916-1944), nadaný sportovec, učitel a člen židovského skautského hnutí, se narodil v Cáchách a ve 30. letech emigroval do Prahy, kde vedl sportovní klub židovské mládeže. V roce 1941 byl deportován do Terezína a poté do Osvětimi, kde pomohl založit dětský blok, v němž byly děti alespoň částečně chráněné před okolními hrůzami. Zemřel za nejasných okolností v březnu 1944. | |
| 650 | 0 | 4 | |a Memoáry, osobnosti a osudy |
| 856 | 4 | 0 | |u https://www.bookport.cz/AccountSaml/SignIn/?idp=https://shibboleth.utb.cz/idp/shibboleth&returnUrl=/kniha/ucitel-z-osvetimi-fredy-hirsch-16049/ |y Dostupné v BOOKPORT po přihlášení pomocí eduID |